Online katalóg knižníc regiónu Turca

Moja tajná kúzelnícka kniha (Record no. 21714)

MARC details
000 -LEADER
fixed length control field 01833nam a22005055a 4500
001 - CONTROL NUMBER
control field 21714
003 - CONTROL NUMBER IDENTIFIER
control field VRT
005 - DATE AND TIME OF LATEST TRANSACTION
control field 20260309101328.0
008 - FIXED-LENGTH DATA ELEMENTS--GENERAL INFORMATION
fixed length control field 240314s2008 xo 000 0 slo
015 ## - NATIONAL BIBLIOGRAPHY NUMBER
National bibliography number SNBA2008/09-04416
020 ## - INTERNATIONAL STANDARD BOOK NUMBER
International Standard Book Number 9788055116228
Qualifying information (viaz.)
035 ## - SYSTEM CONTROL NUMBER
System control number AE0FCAFB-7DEC-44E4-84E5-ED37AE373F08
035 ## - SYSTEM CONTROL NUMBER
System control number urn:nbn:sk:snk-amjvj0
035 ## - SYSTEM CONTROL NUMBER
System control number urn:nbn:sk:snk-am007yxu
039 #9 - LEVEL OF BIBLIOGRAPHIC CONTROL AND CODING DETAIL [OBSOLETE]
Level of rules in bibliographic description 202410031324
Level of effort used to assign nonsubject heading access points AUTHORITY
Level of effort used to assign subject headings 202409120851
Level of effort used to assign classification AUTHORITY
Level of effort used to assign subject headings 202409120834
Level of effort used to assign classification AUTHORITY
Level of effort used to assign subject headings 202403140955
Level of effort used to assign classification VLOAD
040 ## - CATALOGING SOURCE
Original cataloging agency SNK
Language of cataloging slo
Transcribing agency SNK
Description conventions AACR2
041 1# - LANGUAGE CODE
Language code of text/sound track or separate title slo
Language code of original ger
044 ## - COUNTRY OF PUBLISHING/PRODUCING ENTITY CODE
MARC country code xo
ISO country code SK
072 #7 - SUBJECT CATEGORY CODE
Subject category code 79
Subject category code subdivision Rekreácia. Voľný čas. Zábavy. Hry. Šport
072 #7 - SUBJECT CATEGORY CODE
Subject category code 821-93
Subject category code subdivision Literatúra pre deti a mládež
Source konspekt
080 ## - UNIVERSAL DECIMAL CLASSIFICATION NUMBER
Universal Decimal Classification number 793.8
Edition identifier 2001
080 ## - UNIVERSAL DECIMAL CLASSIFICATION NUMBER
Universal Decimal Classification number (0.053.2)
Edition identifier 2001
100 1# - MAIN ENTRY--PERSONAL NAME
Personal name Smetanig, Gert
Relationship aut
240 10 - UNIFORM TITLE
Uniform title Mein ganz Geheimes Zauberbuch
Language of a work Slovensky
245 10 - TITLE STATEMENT
Title Moja tajná kúzelnícka kniha
Statement of responsibility, etc. kúzelnícke triky nakreslila Alena Schulzová ; [P. Gert Smetanig ; z nemeckého originálu preložila Silvia Smidová]
250 ## - EDITION STATEMENT
Edition statement 1. vyd.
260 ## - PUBLICATION, DISTRIBUTION, ETC.
Place of publication, distribution, etc. Bratislava
Name of publisher, distributor, etc. Ikar
Date of publication, distribution, etc. 2008
300 ## - PHYSICAL DESCRIPTION
Extent 107 s.
Other physical details fareb. ilustr.
Dimensions 24 cm
650 07 - SUBJECT ADDED ENTRY--TOPICAL TERM
Topical term or geographic name entry element kúzelníctvo
Source of heading or term SNKPH
650 07 - SUBJECT ADDED ENTRY--TOPICAL TERM
Topical term or geographic name entry element kúzla
Source of heading or term SNKPH
650 07 - SUBJECT ADDED ENTRY--TOPICAL TERM
Topical term or geographic name entry element zábavná mágia
Source of heading or term SNKPH
650 07 - SUBJECT ADDED ENTRY--TOPICAL TERM
Topical term or geographic name entry element Conjuring
Source of heading or term SNKPHeng
650 07 - SUBJECT ADDED ENTRY--TOPICAL TERM
Topical term or geographic name entry element Tricks
Source of heading or term SNKPHeng
650 07 - SUBJECT ADDED ENTRY--TOPICAL TERM
Topical term or geographic name entry element Magic tricks
Source of heading or term SNKPHenh
655 #7 - INDEX TERM--GENRE/FORM
Genre/form data or focus term publikácie pre deti
Source of term SNKPH
655 #7 - INDEX TERM--GENRE/FORM
Genre/form data or focus term Children's literature
Source of term SNKPHeng
700 1# - ADDED ENTRY--PERSONAL NAME
Personal name Schulzová, Alena
Relationship ill
700 1# - ADDED ENTRY--PERSONAL NAME
Personal name Smidová, Silvia,
Dates associated with a name 1947-
Relationship trl
942 ## - ADDED ENTRY ELEMENTS (KOHA)
Source of classification or shelving scheme Dewey Decimal Classification
Koha item type Krásna literatúra pre deti
Suppress in OPAC No
949 ## - LOCAL PROCESSING INFORMATION (OCLC)
6 273K0449551
a svkpoC 48618
b svkpo506047
949 ## - LOCAL PROCESSING INFORMATION (OCLC)
6 17A0586238
a snkSB 76002
b snk2008/8546
o 829/08
s 6100:20140925
949 ## - LOCAL PROCESSING INFORMATION (OCLC)
6 17A0586239
a snkSB 76002 D1
b snk2008/8547
o 829/08
949 ## - LOCAL PROCESSING INFORMATION (OCLC)
6 2889137863
a savukPV 11424
b savuk2008/1635
980 ## - EQUIVALENCE OR CROSS-REFERENCE-SERIES STATEMENT--PERSONAL NAME/TITLE [LOCAL, CANADA]
Personal name 793.8
Holdings
Stav vyradenia Strata Poškodenie Spôsob nadobudnutia Domovská knižnica Aktuálna knižnica Dátum nadobudnutia Total checkouts Čiarový kód exemplára Date last seen Typ exemplára
      Dar Obecná knižnica Turčianska Štiavnička Obecná knižnica Turčianska Štiavnička 09.03.2026   4738000309 09.03.2026 Krásna literatúra pre deti
Projekt je podporený Slovenskou asociáciou knižníc
Prevádzkuje Turčianska knižnica Martin 2026